Logo BPK

Biblioteka

Politechniki Koszalińskiej

The Castle / (Rekord nr 48790)

Szczegóły MARC
000 -ETYKIETA REKORDU
podpole kontrolne o stałej długości 00989nam a2200277 i 4500
001 - NUMER KONTROLNY REKORDU
pole kontrolne bgj
020 ## - MIĘDZYNARODOWY ZNORMALIZOWANY NUMER KSIĄŻKI - ISBN
ISBN 0140181083
040 ## - ŹRÓDŁO KATALOGOWANIA
Instytucja, która utworzyła rekord BPK
041 0# - KOD JĘZYKA
Kod języka tekstu eng
Kod języka oryginału ger
920 ## - Międzynarodowy znormalizowany numer książki – ISBN
ISBN 0-14-018108-3
008 - POLE O STAŁEJ DŁUGOŚCI - DANE KONTROLNE
podpole kontrolne o stałej długości s uk f |000 0 eng
100 1# - NAZWA OSOBOWA
Nazwa osobowa KAFKA, Franz
Daty związane z nazwą (1883-1924)
245 10 - TYTUŁ/ODPOWIEDZIALNOŚĆ
Tytuł The Castle /
Pozostałe elementy strefy tytułu i oznaczenia odpowiedzialności Franz Kafka ; translated from the German by Willa adn Edwin Muir ; with additional material translated by Eithne Wilkins and Ernst Kaiser.
260 ## - STREFA ADRESU WYDAWNICZEGO
Miejsce wydania London :
Nazwa wydawcy/dystrybutora Penguin Books,
Data publikacji, dystrybucji/powstania dokumentu 19??=
Nazwa wydawcy/dystrybutora in association with Martin Secker and Warburg.
300 ## - STREFA OPISU FIZYCZNEGO
Objętość 298 pp ;
Rozmiary 20 cm.
490 1# - STREFA SERII I DOKUMENTU WIELOCZĘŚCIOWEGO - FORMA NIE DO WYSZUKIWANIA
Tytuł i oznaczenie odpowiedzialności serii Penguin Twentieth-Century Classics
500 ## - UWAGI OGÓLNE
Tekst uwagi Translation of "Das Schloss".
650 #9 - HASŁO PRZEDMIOTOWE W FORMIE NAZWY OGÓLNEJ LUB JEDNOSTKOWEJ
Nazwa ogólna lub geograficzna Austrian literature
650 #9 - HASŁO PRZEDMIOTOWE W FORMIE NAZWY OGÓLNEJ LUB JEDNOSTKOWEJ
Nazwa ogólna lub geograficzna Non-English literature
700 1# - HASŁO DODATKOWE - NAZWA OSOBOWA
Nazwa osobowa MUIR, Willa
Daty związane z nazwą (1890-?).
Określenie związku między hasłem a opisywanym materiałem transl.
700 1# - HASŁO DODATKOWE - NAZWA OSOBOWA
Nazwa osobowa MUIR, Edwin
Daty związane z nazwą (1887-1959).
Określenie związku między hasłem a opisywanym materiałem transl.
700 1# - HASŁO DODATKOWE - NAZWA OSOBOWA
Nazwa osobowa WILKINS, Eithne.
Określenie związku między hasłem a opisywanym materiałem transl.
700 1# - HASŁO DODATKOWE - NAZWA OSOBOWA
Nazwa osobowa KAISER, Ernst.
Określenie związku między hasłem a opisywanym materiałem transl.
830 ## - HASŁO DODATKOWE SERII LUB DOKUMENTU WIELOCZĘŚCIOWEGO - TYTUŁ UJEDNOLICONY
Tytuł ujednolicony Penguin Twentieth-Century Classics
856 ## - LOKALIZACJA I DOSTĘP DO ELEKTRONICZNYCH DOKUMENTÓW ZDALNYCH
Link (URL) http://koha.tu.koszalin.pl/cgi-bin/koha/opac-detail.pl?biblionumber=48790
Tekst linku Katalog online BPK
942 ## - DODATKOWE ELEMENTY (KOHA)
Typ dokumentu Książka
Egzemplarze
Wycofany Status egzemplarza Uszkodzony Dostępność Lokalizacja stała Lokalizacja bieżąca Miejsce przechowywania Sygnatura Kod kreskowy Typ dokumentu
      Dostępny Biblioteka Politechniki Koszalińskiej Biblioteka Politechniki Koszalińskiej Wypożyczalnia Językowa KA 6114 09050372 Książka
© 2023 Biblioteka Politechniki Koszalińskiej :: KOHA